| 000 | 00450pab a2200181 454500 | ||
|---|---|---|---|
| 008 | 180718b2009 xxu||||| |||| 00| 0 eng d | ||
| 100 | _aKumar, D. Pawan | ||
| 245 | _aWater conservation opportunities in industry and power section | ||
| 260 | _c2009 | ||
| 300 | _ap.184-192. | ||
| 362 | _aOct-Dec | ||
| 650 | _aPower industry | ||
| 650 | _aIndustry | ||
| 650 | _aWater conservation | ||
| 773 | _aProductivity | ||
| 908 | _aN | ||
| 909 | _a89983 | ||
| 999 |
_c89983 _d89983 |
||